| 000 | 00367nam a22001217a 4500 | ||
|---|---|---|---|
| 999 |
_c9826 _d9826 |
||
| 003 | OSt | ||
| 008 | 201203b ||||| |||| 00| 0 eng d | ||
| 245 | _aThe IUP Journal of Accounting Research and Audit Practices | ||
| 250 | _a2010(Jan-Apr Vol.9 No.1-2, Jul Vol.9 No.3) | ||
| 260 |
_bIUP Publications _aHyderabad, Andhra Pradesh |
||
| 650 | _aManagement | ||
| 942 |
_2ddc _cBV |
||